| 000 | 00482cam a2200193 4500 | ||
|---|---|---|---|
| 001 | D4124 | ||
| 008 | 090401t1978 xxu||||| |||| 00| 0 eng d | ||
| 035 | _a(Sirsi) u98267 | ||
| 041 | _aeng | ||
| 050 | _a690.24 | ||
| 100 | _aGould, K.J. | ||
| 245 | _aSpecification writing for maintenance | ||
| 260 |
_aAscot _bInstitute of Building _c1978 |
||
| 300 | _a4 leaves. 30cm | ||
| 350 | _a0 | ||
| 490 |
_aIOB Maintenance Information Service _v7 |
||
| 942 | _n0 | ||
| 948 | _c04/03/1997 | ||
| 999 |
_c99141 _d99141 |
||